000
00218nam a22000857a 4500
008
170614b xxu||||| |||| 00| 0 eng d
100
_9
3386
_a
Misra. R. R
245
_a
Chemistry for us - X
260
_a
New Delhi
_b
A. P. C
_c
2009
999
_c
6742
_d
6742